Statystyki dla Wymień całe uniwersum ekipy

Kliknij tutaj aby rozwiązać quiz!

Ogólne statystyki

  • Ten quiz został rozwiązany 137 razy
  • Średni wynik to 17 z 25

Statystyki odpowiedzi

pochodzeniepseaudonim/imię% Poprawnych
ekipaFriz
95%
ekipaWersow
95%
genzieHania
90%
ekipaMurcix
89%
ekipaMini Majk
88%
ekipaTromba
88%
ekipaWujek Łuki
83%
genzieFausti
80%
ekipaFusialka
80%
ekipaMarcysia
79%
ekipaPatec
77%
genzieBartek Kubicki
75%
genzieKartoni
75%
genzieMortalcio
75%
genzieŚwiezy
75%
ekipaMixer
66%
ekipaPoczciwy Krzychu
59%
ekipaNowciax
55%
T5M1Kinga Banaś
54%
T5M1Loku
50%
ekipaPaulina Kozłowska
41%
T5M1Eka
35%
T5M1Michu Kontrabas
35%
ekipaPrzemekPro
34%
T5M1Matter
28%

Rozkład punktacji

Percentyl według liczby udzielonych odpowiedzi

Procent ludzi z każdym wynikiem

Twoja historia wyników

Nie rozwiązałeś tego quizu